000 00301nam a22001337a 4500
008 170131b xxu||||| |||| 00| 0 eng d
020 _a9780781733915
041 _aeng
080 _24TH
_a61
100 _a3
101 _aSHM
245 _aESSENTIALS OF FAMILY MEDICINE
_cSLOANE, P.D
942 _2udc
_cBK
999 _c4148
_d4148